| 000 | 00681nam a2200253Ia 4500 | ||
|---|---|---|---|
| 003 | OSt | ||
| 005 | 20220925221221.0 | ||
| 006 | a|||||r|||| 00| 0 | ||
| 007 | ta | ||
| 008 | 220923b |||||||| |||| 00| 0 eng d | ||
| 037 | _cGeneral Book | ||
| 040 |
_aRTL _cRTL _beng |
||
| 041 |
_2eng _aeng |
||
| 082 | _aX6xM83:g, H7;K8 | ||
| 100 |
_aKlein Lawrence R _9126362 |
||
| 245 | 0 | _aKeynesian Revolution | |
| 250 | _a2nd | ||
| 260 |
_aLondon _bMacmillan UK _c1966 |
||
| 300 |
_axi, 288p _ccm. |
||
| 500 | _aAppendix p. 255-79; D & W | ||
| 650 |
_aKeynes _9231657 |
||
| 942 |
_hX6xM83:g, H7;K8 _cGB _2CC |
||
| 999 |
_c573615 _d573615 |
||